[Event "White Rook U14 Final 2019"]
[Site "Sochi"]
[Date "2019.06.06"]
[Round "4.11"]
[White "Ponomarev, Andrey A."]
[Black "Aldar Burentegsh"]
[Result "1-0"]
[WhiteElo "1919"]
[BlackElo "1812"]
[Annotator "NA RC"]
[PlyCount "195"]
[EventDate "2019.06.02"]
[EventCountry "RUS"]
[SourceTitle "playchess.com"]
[Source "ChessBase"]
[SourceQuality "1"]
[TimeControl "5400+30"]

1. e4 {[%emt 0:00:00]} c5 {[%emt 0:00:00]} 2. Nf3 {[%emt 0:00:00]} Nc6 {[%emt 0:00:00]} 3. d4 {[%emt 0:00:00]} cxd4 {[%emt 0:00:00]} 4. Nxd4 {[%emt 0:00:00]} g6 {[%emt 0:00:00]} 5. c4 {[%emt 0:00:00]} Bg7 {[%emt 0:00:00]} 6. Be3 {[%emt 0:00:00]} Nf6 {[%emt 0:00:00]} 7. Nc3 {[%emt 0:00:14]} O-O {[%emt 0:00:05]} 8. Be2 {[%emt 0:00:53]} d6 {[%emt 0:00:11]} 9. O-O {[%emt 0:01:01]} Bd7 {[%emt 0:00:05]} 10. Qd2 {[%emt 0:00:20]} Rc8 {[%emt 0:00:48]} 11. b3 {[%emt 0:00:05]} Ne5 {[%emt 0:00:49]} 12. h3 {[%emt 0:00:54]} Bc6 {[%emt 0:00:24]} 13. f4 {[%emt 0:01:00]} Ned7 {[%emt 0:00:03]} 14. Nxc6 {[%emt 0:00:28]} bxc6 {[%emt 0:00:20]} 15. Rad1 {[%emt 0:00:45]} Kh8 {[%emt 0:03:59]} 16. Bd4 {[%emt 0:00:29]} Qa5 {[%emt 0:01:36]} 17. Bf3 {[%emt 0:02:55]} Rfd8 {[%emt 0:00:00]} 18. Ne2 {[%emt 0:14:19]} Qc7 {[%emt 0:01:52]} 19. Bc3 {[%emt 0:06:33]} e5 {[%emt 0:01:44]} 20. fxe5 {[%emt 0:00:00]} dxe5 {[%emt 0:00:08]} 21. Qe3 {[%emt 0:02:42]} Bf8 {[%emt 0:03:41]} 22. b4 {[%emt 0:00:56]} Be7 {[%emt 0:07:34]} 23. c5 {[%emt 0:00:46]} Nf8 {[%emt 0:25:22]} 24. Qg5 {[%emt 0:01:49]} Re8 {[%emt 0:00:41]} 25. Rd6 {[%emt 0:22:21]} N6d7 {[%emt 0:09:00]} 26. Bxe5+ {[%emt 0:00:27]} f6 {[%emt 0:00:09]} 27. Bxf6+ {[%emt 0:00:33]} Bxf6 {[%emt 0:04:09]} 28. Rxf6 {[%emt 0:00:37]} Nxf6 {[%emt 0:00:07]} 29. Qxf6+ {[%emt 0:00:00]} Qg7 {[%emt 0:00:06]} 30. Bg4 {[%emt 0:01:28]} Rc7 {[%emt 0:00:59]} 31. Qd6 {[%emt 0:01:28]} Kg8 {[%emt 0:03:48]} 32. a4 {[%emt 0:07:53]} a6 {[%emt 0:01:59]} 33. Ng3 {[%emt 0:07:49]} Qe7 {[%emt 0:03:34]} 34. e5 {[%emt 0:00:34]} Rd8 {[%emt 0:02:09]} 35. Qxe7 {[%emt 0:12:38]} Rxe7 {[%emt 0:01:00]} 36. Bf3 {[%emt 0:01:38]} Rb8 {[%emt 0:00:27]} 37. Rb1 {[%emt 0:00:48]} Rxe5 {[%emt 0:00:50]} 38. Bxc6 {[%emt 0:00:20]} Rxc5 {[%emt 0:00:00]} 39. Bb5 {[%emt 0:00:09]} Rc3 {[%emt 0:01:24]} 40. Ne4 {[%emt 0:01:06]} Re3 {[%emt 0:00:25]} 41. Bc4+ {[%emt 0:00:00]} Kg7 {[%emt 0:01:09]} 42. Nc5 {[%emt 0:00:33]} Rc3 {[%emt 0:00:31]} 43. Nxa6 {[%emt 0:00:00]} Rd8 {[%emt 0:00:17]} 44. Bf1 {[%emt 0:00:00]} Ne6 {[%emt 0:00:58]} 45. b5 {[%emt 0:00:00]} Nc5 {[%emt 0:01:34]} 46. Nxc5 {[%emt 0:00:09]} Rxc5 {[%emt 0:00:00]} 47. a5 {[%emt 0:00:04]} Rb8 {[%emt 0:00:28]} 48. a6 {[%emt 0:00:11]} Rb6 {[%emt 0:00:19]} 49. Be2 {[%emt 0:00:33]} Rc7 {[%emt 0:00:07]} 50. Rf1 {[%emt 0:03:30]} h6 {[%emt 0:00:39]} 51. Rf3 {[%emt 0:00:34]} Rc2 {[%emt 0:00:36]} 52. Bd3 {[%emt 0:00:25]} Rc7 {[%emt 0:00:14]} 53. Kf2 {[%emt 0:01:05]} Re6 {[%emt 0:00:33]} 54. Bf1 {[%emt 0:00:10]} Rc2+ {[%emt 0:00:45]} 55. Kg3 {[%emt 0:00:03]} Rc7 {[%emt 0:00:06]} 56. Rb3 {[%emt 0:00:33]} Rb6 {[%emt 0:00:09]} 57. Ra3 {[%emt 0:00:04]} Ra7 {[%emt 0:00:07]} 58. Rf3 {[%emt 0:00:31]} Re7 {[%emt 0:00:36]} 59. Bd3 {[%emt 0:00:21]} Rc7 {[%emt 0:00:13]} 60. Kf2 {[%emt 0:00:07]} Re6 {[%emt 0:00:05]} 61. Re3 {[%emt 0:00:38]} Rd6 {[%emt 0:02:24]} 62. Ke2 {[%emt 0:00:00]} Kf6 {[%emt 0:00:00]} 63. Re4 {[%emt 0:01:09]} Rcd7 {[%emt 0:00:00]} 64. Bc4 {[%emt 0:00:56]} Ra7 {[%emt 0:00:27]} 65. Ke3 {[%emt 0:00:00]} g5 {[%emt 0:00:12]} 66. Rd4 {[%emt 0:00:54]} Rb6 {[%emt 0:03:02]} 67. Kd3 {[%emt 0:00:00]} Ke5 {[%emt 0:00:29]} 68. g3 {[%emt 0:00:01]} h5 {[%emt 0:00:38]} 69. Rd5+ {[%emt 0:00:38]} Kf6 {[%emt 0:00:05]} 70. Kc3 {[%emt 0:00:51]} Rc7 {[%emt 0:00:47]} 71. Kb4 {[%emt 0:00:00]} Rb8 {[%emt 0:00:12]} 72. Rc5 {[%emt 0:00:44]} Ra7 {[%emt 0:00:00]} 73. Ka5 {[%emt 0:00:00]} Rd7 {[%emt 0:00:18]} 74. Bd5 {[%emt 0:01:20]} Ke7 {[%emt 0:00:07]} 75. Bb3 {[%emt 0:01:03]} Rd3 {[%emt 0:00:56]} 76. Ba4 {[%emt 0:00:21]} Kd6 {[%emt 0:00:51]} 77. Rxg5 {[%emt 0:00:05]} h4 {[%emt 0:00:13]} 78. gxh4 {[%emt 0:00:07]} Re3 {[%emt 0:00:11]} 79. a7 {[%emt 0:00:30]} Ra8 {[%emt 0:00:38]} 80. b6 {[%emt 0:00:32]} Re7 {[%emt 0:00:28]} 81. Ka6 {[%emt 0:00:09]} Re4 {[%emt 0:00:02]} 82. Rg6+ {[%emt 0:00:07]} Kc5 {[%emt 0:00:44]} 83. Bc6 {[%emt 0:00:36]} Rb4 {[%emt 0:00:24]} 84. Bxa8 {[%emt 0:00:00]} Ra4+ {[%emt 0:00:31]} 85. Kb7 {[%emt 0:00:49]} Rxh4 {[%emt 0:00:08]} 86. Rg5+ {[%emt 0:01:09]} Kd6 {[%emt 0:00:18]} 87. Ka6 {[%emt 0:00:00]} Ra4+ {[%emt 0:00:32]} 88. Ra5 {[%emt 0:00:19]} Rh4 {[%emt 0:00:07]} 89. b7 {[%emt 0:00:00]} Rh6 {[%emt 0:00:00]} 90. b8=Q+ {[%emt 0:00:39]} Kd7+ {[%emt 0:00:14]} 91. Kb5 {[%emt 0:00:15]} Rh5+ {[%emt 0:00:00]} 92. Kb4 {[%emt 0:00:00]} Rh4+ {[%emt 0:00:00]} 93. Kc5 {[%emt 0:00:00]} Rh5+ {[%emt 0:00:00]} 94. Bd5 {[%emt 0:00:40]} Rxd5+ {[%emt 0:00:00]} 95. Kxd5 {[%emt 0:00:21]} Ke7 {[%emt 0:00:29]} 96. Qd6+ {[%emt 0:00:23]} Kf7 {[%emt 0:00:00]} 97. a8=R {[%emt 0:00:13]} Kg7 {[%emt 0:00:16]} 98. R5a7# {[%emt 0:00:00]} 1-0

[Event "White Rook U14 Final 2019"]
[Site "Sochi"]
[Date "2019.06.06"]
[Round "4.12"]
[White "Unurzul, Davaakhuu"]
[Black "Namay, Viktoria"]
[Result "1-0"]
[WhiteElo "1442"]
[BlackElo "1359"]
[Annotator "NA RC"]
[PlyCount "87"]
[EventDate "2019.06.02"]
[EventCountry "RUS"]
[SourceTitle "playchess.com"]
[Source "ChessBase"]
[SourceQuality "1"]
[TimeControl "5400+30"]

1. e4 {[%emt 0:00:00]} c6 {[%emt 0:00:00]} 2. Nf3 {[%emt 0:00:00]} d5 {[%emt 0:00:00]} 3. exd5 {[%emt 0:00:00]} cxd5 {[%emt 0:00:00]} 4. d4 {[%emt 0:00:02]} Nc6 {[%emt 0:00:00]} 5. Bb5 {[%emt 0:00:58]} e6 {[%emt 0:00:13]} 6. Nc3 {[%emt 0:02:10]} Bd6 {[%emt 0:01:49]} 7. Be3 {[%emt 0:02:03]} Nge7 {[%emt 0:00:30]} 8. Qd2 {[%emt 0:00:30]} O-O {[%emt 0:01:36]} 9. O-O {[%emt 0:06:36]} a6 {[%emt 0:01:39]} 10. Be2 {[%emt 0:04:19]} Bc7 {[%emt 0:03:10]} 11. Bf4 {[%emt 0:08:29]} f6 {[%emt 0:00:26]} 12. Bxc7 {[%emt 0:01:56]} Qxc7 {[%emt 0:00:07]} 13. Rad1 {[%emt 0:00:44]} Rd8 {[%emt 0:00:15]} 14. Rfe1 {[%emt 0:02:32]} e5 {[%emt 0:02:37]} 15. dxe5 {[%emt 0:01:38]} fxe5 {[%emt 0:00:51]} 16. Qg5 {[%emt 0:05:02]} e4 {[%emt 0:04:11]} 17. Nd4 {[%emt 0:04:11]} Rd6 {[%emt 0:04:34]} 18. Nxc6 {[%emt 0:14:23]} bxc6 {[%emt 0:00:34]} 19. Qe5 {[%emt 0:00:58]} Rd7 {[%emt 0:04:18]} 20. Qe6+ {[%emt 0:05:36]} Kh8 {[%emt 0:03:27]} 21. f3 {[%emt 0:07:08]} Ng8 {[%emt 0:01:21]} 22. Qg4 {[%emt 0:00:30]} Rf7 {[%emt 0:06:38]} 23. Qh4 {[%emt 0:03:32]} Qb6+ {[%emt 0:04:24]} 24. Kh1 {[%emt 0:01:33]} Qxb2 {[%emt 0:09:37]} 25. Na4 {[%emt 0:00:26]} Qxc2 {[%emt 0:02:25]} 26. Nb6 {[%emt 0:00:28]} Rb8 {[%emt 0:10:16]} 27. Qd8 {[%emt 0:00:55]} Qc5 {[%emt 0:09:29]} 28. Nxc8 {[%emt 0:00:34]} Rbb7 {[%emt 0:09:06]} 29. Nd6 {[%emt 0:00:52]} Rfd7 {[%emt 0:09:56]} 30. Nxb7 {[%emt 0:03:32]} Rxd8 {[%emt 0:03:42]} 31. Nxc5 {[%emt 0:01:42]} e3 {[%emt 0:00:30]} 32. Bxa6 {[%emt 0:00:09]} Re8 {[%emt 0:06:06]} 33. Rd3 {[%emt 0:00:11]} e2 {[%emt 0:00:11]} 34. Rd2 {[%emt 0:00:18]} Nf6 {[%emt 0:00:10]} 35. Rdxe2 {[%emt 0:00:28]} Rxe2 {[%emt 0:01:35]} 36. Rxe2 {[%emt 0:00:13]} Kg8 {[%emt 0:00:03]} 37. Bb7 {[%emt 0:00:11]} h5 {[%emt 0:00:04]} 38. Bxc6 {[%emt 0:00:02]} g5 {[%emt 0:00:02]} 39. Re5 {[%emt 0:00:14]} g4 {[%emt 0:00:53]} 40. Bxd5+ {[%emt 0:00:14]} Nxd5 {[%emt 0:00:08]} 41. Rxd5 {[%emt 0:00:09]} gxf3 {[%emt 0:00:11]} 42. gxf3 {[%emt 0:00:11]} h4 {[%emt 0:00:18]} 43. Rd7 {[%emt 0:00:05]} h3 {[%emt 0:00:05]} 44. a4 {[%emt 0:00:07]} 1-0

[Event "White Rook U14 Final 2019"]
[Site "Sochi"]
[Date "2019.06.06"]
[Round "4.13"]
[White "Abrazevich, Yauheni"]
[Black "Magomedov, Adam"]
[Result "1/2-1/2"]
[WhiteElo "1888"]
[BlackElo "1773"]
[Annotator "NA RC"]
[PlyCount "81"]
[EventDate "2019.06.02"]
[EventCountry "RUS"]
[SourceTitle "playchess.com"]
[Source "ChessBase"]
[SourceQuality "1"]
[TimeControl "5400+30"]

1. e4 {[%emt 0:00:00]} e6 {[%emt 0:00:00]} 2. d3 {[%emt 0:00:00]} b6 {[%emt 0:00:00]} 3. g3 {[%emt 0:00:00]} Bb7 {[%emt 0:00:00]} 4. Bg2 {[%emt 0:00:00]} f5 {[%emt 0:00:00]} 5. Nc3 {[%emt 0:00:00]} Nf6 {[%emt 0:00:00]} 6. Nge2 {[%emt 0:00:00]} fxe4 {[%emt 0:01:03]} 7. Nxe4 {[%emt 0:00:00]} Nxe4 {[%emt 0:00:09]} 8. Bxe4 {[%emt 0:00:04]} Bxe4 {[%emt 0:01:41]} 9. dxe4 {[%emt 0:00:04]} Bc5 {[%emt 0:00:46]} 10. O-O {[%emt 0:00:19]} O-O {[%emt 0:00:24]} 11. Nf4 {[%emt 0:00:12]} Qf6 {[%emt 0:16:13]} 12. Nd3 {[%emt 0:04:26]} Nc6 {[%emt 0:25:12]} 13. Nxc5 {[%emt 0:01:22]} bxc5 {[%emt 0:00:07]} 14. c3 {[%emt 0:00:20]} d6 {[%emt 0:00:48]} 15. f4 {[%emt 0:00:28]} Kh8 {[%emt 0:02:42]} 16. Be3 {[%emt 0:02:17]} Rab8 {[%emt 0:06:48]} 17. Rf2 {[%emt 0:01:04]} Qe7 {[%emt 0:06:01]} 18. Qa4 {[%emt 0:01:41]} Qd7 {[%emt 0:03:02]} 19. b3 {[%emt 0:05:57]} a5 {[%emt 0:03:31]} 20. Rd1 {[%emt 0:01:04]} Qe8 {[%emt 0:01:09]} 21. Rdd2 {[%emt 0:15:31]} e5 {[%emt 0:05:39]} 22. f5 {[%emt 0:00:53]} Ra8 {[%emt 0:06:04]} 23. g4 {[%emt 0:01:30]} Ne7 {[%emt 0:04:58]} 24. Qxe8 {[%emt 0:00:23]} Raxe8 {[%emt 0:00:31]} 25. g5 {[%emt 0:01:27]} Nc6 {[%emt 0:02:37]} 26. h4 {[%emt 0:01:35]} a4 {[%emt 0:05:51]} 27. h5 {[%emt 0:12:46]} axb3 {[%emt 0:00:51]} 28. axb3 {[%emt 0:00:06]} Rb8 {[%emt 0:00:36]} 29. Rb2 {[%emt 0:01:43]} Ra8 {[%emt 0:02:06]} 30. g6 {[%emt 0:06:18]} Ra1+ {[%emt 0:00:21]} 31. Kg2 {[%emt 0:00:13]} Re1 {[%emt 0:00:11]} 32. Rf3 {[%emt 0:09:16]} Ra1 {[%emt 0:01:09]} 33. Rbf2 {[%emt 0:04:41]} Raa8 {[%emt 0:01:11]} 34. h6 {[%emt 0:07:04]} hxg6 {[%emt 0:00:53]} 35. fxg6 {[%emt 0:00:00]} Rxf3 {[%emt 0:00:05]} 36. Rxf3 {[%emt 0:00:00]} gxh6 {[%emt 0:01:05]} 37. Bxh6 {[%emt 0:00:01]} Rg8 {[%emt 0:00:00]} 38. Rf6 {[%emt 0:07:07]} Ne7 {[%emt 0:00:53]} 39. g7+ {[%emt 0:00:00]} Kh7 {[%emt 0:00:00]} 40. Kf3 {[%emt 0:00:05]} Ng6 {[%emt 0:00:00]} 41. Rf8 {[%emt 0:00:07]} 1/2-1/2

[Event "White Rook U14 Final 2019"]
[Site "Sochi"]
[Date "2019.06.06"]
[Round "4.14"]
[White "Seregin, Ignat"]
[Black "Dyl, Nikita"]
[Result "1-0"]
[WhiteElo "1687"]
[BlackElo "1646"]
[Annotator "NA RC"]
[PlyCount "91"]
[EventDate "2019.06.02"]
[EventCountry "RUS"]
[SourceTitle "playchess.com"]
[Source "ChessBase"]
[SourceQuality "1"]
[TimeControl "5400+30"]

1. e4 {[%emt 0:00:00]} g6 {[%emt 0:00:00]} 2. d4 {[%emt 0:00:00]} Bg7 {[%emt 0:00:00]} 3. Nc3 {[%emt 0:00:00]} d6 {[%emt 0:00:00]} 4. Bc4 {[%emt 0:00:00]} Nf6 {[%emt 0:00:00]} 5. Be3 {[%emt 0:00:00]} O-O {[%emt 0:00:01]} 6. Qd2 {[%emt 0:00:00]} Ng4 {[%emt 0:01:10]} 7. Bg5 {[%emt 0:00:49]} h6 {[%emt 0:00:00]} 8. Bh4 {[%emt 0:00:00]} Nd7 {[%emt 0:02:43]} 9. Nf3 {[%emt 0:06:54]} c5 {[%emt 0:02:53]} 10. Nd5 {[%emt 0:06:53]} Ngf6 {[%emt 0:01:34]} 11. Nxf6+ {[%emt 0:14:41]} Nxf6 {[%emt 0:00:28]} 12. Bxf6 {[%emt 0:00:14]} exf6 {[%emt 0:01:27]} 13. O-O-O {[%emt 0:07:21]} Qb6 {[%emt 0:01:16]} 14. Nh4 {[%emt 0:13:43]} Kh7 {[%emt 0:00:55]} 15. f4 {[%emt 0:00:30]} Bg4 {[%emt 0:01:37]} 16. Rde1 {[%emt 0:01:42]} cxd4 {[%emt 0:01:34]} 17. h3 {[%emt 0:07:45]} Rac8 {[%emt 0:03:03]} 18. Bd3 {[%emt 0:00:49]} Be6 {[%emt 0:11:27]} 19. f5 {[%emt 0:05:02]} Bxa2 {[%emt 0:00:31]} 20. fxg6+ {[%emt 0:02:05]} fxg6 {[%emt 0:01:36]} 21. e5 {[%emt 0:01:29]} dxe5 {[%emt 0:00:23]} 22. Nxg6 {[%emt 0:12:32]} f5 {[%emt 0:01:02]} 23. Nxf8+ {[%emt 0:01:35]} Rxf8 {[%emt 0:00:04]} 24. b3 {[%emt 0:00:20]} e4 {[%emt 0:00:09]} 25. Kb2 {[%emt 0:08:13]} Bxb3 {[%emt 0:00:33]} 26. cxb3 {[%emt 0:01:33]} exd3 {[%emt 0:02:41]} 27. Qxd3 {[%emt 0:00:01]} Qc6 {[%emt 0:00:07]} 28. Re2 {[%emt 0:00:22]} Qc5 {[%emt 0:00:37]} 29. Rc1 {[%emt 0:03:16]} Qd5 {[%emt 0:01:43]} 30. Rc7 {[%emt 0:00:48]} Rf6 {[%emt 0:00:22]} 31. g4 {[%emt 0:01:14]} Qa5 {[%emt 0:01:19]} 32. Rxb7 {[%emt 0:01:40]} Ra6 {[%emt 0:01:26]} 33. Rxg7+ {[%emt 0:01:58]} Kxg7 {[%emt 0:00:04]} 34. Qxd4+ {[%emt 0:01:50]} Kf7 {[%emt 0:04:32]} 35. Qd7+ {[%emt 0:00:06]} Kf6 {[%emt 0:02:21]} 36. Qd4+ {[%emt 0:01:20]} Kg5 {[%emt 0:00:47]} 37. Qg7+ {[%emt 0:00:16]} Kf4 {[%emt 0:05:06]} 38. Qd4+ {[%emt 0:00:58]} Kg5 {[%emt 0:00:36]} 39. Qe3+ {[%emt 0:00:00]} Kg6 {[%emt 0:00:00]} 40. Qe8+ {[%emt 0:00:05]} Kg5 {[%emt 0:00:05]} 41. Qe7+ {[%emt 0:00:40]} Kg6 {[%emt 0:00:37]} 42. gxf5+ {[%emt 0:00:40]} Qxf5 {[%emt 0:01:53]} 43. Rg2+ {[%emt 0:00:36]} Kh5 {[%emt 0:02:41]} 44. Qe2+ {[%emt 0:00:54]} Kh4 {[%emt 0:00:09]} 45. Rg4+ {[%emt 0:00:00]} Kh5 {[%emt 0:00:38]} 46. Rf4+ {[%emt 0:00:00]} 1-0

[Event "White Rook U14 Final 2019"]
[Site "Sochi"]
[Date "2019.06.06"]
[Round "4.15"]
[White "Zaiko, Stanislav"]
[Black "Mugenov, Vadim"]
[Result "1-0"]
[WhiteElo "1176"]
[BlackElo "1329"]
[Annotator "NA RC"]
[PlyCount "79"]
[EventDate "2019.06.02"]
[EventCountry "RUS"]
[SourceTitle "playchess.com"]
[Source "ChessBase"]
[SourceQuality "1"]
[TimeControl "5400+30"]

1. e4 {[%emt 0:00:00]} c5 {[%emt 0:00:15]} 2. Nf3 {[%emt 0:00:16]} d6 {[%emt 0:00:41]} 3. d4 {[%emt 0:00:00]} cxd4 {[%emt 0:00:07]} 4. Nxd4 {[%emt 0:00:09]} Nf6 {[%emt 0:00:00]} 5. Nc3 {[%emt 0:00:08]} a6 {[%emt 0:00:08]} 6. Bc4 {[%emt 0:01:12]} e6 {[%emt 0:00:24]} 7. O-O {[%emt 0:00:08]} Be7 {[%emt 0:00:16]} 8. Be3 {[%emt 0:01:52]} b5 {[%emt 0:00:08]} 9. Bd3 {[%emt 0:00:08]} Bb7 {[%emt 0:00:39]} 10. f3 {[%emt 0:01:12]} O-O {[%emt 0:00:32]} 11. Bf2 {[%emt 0:07:21]} b4 {[%emt 0:00:16]} 12. Nce2 {[%emt 0:00:41]} d5 {[%emt 0:00:08]} 13. exd5 {[%emt 0:07:13]} Nxd5 {[%emt 0:00:32]} 14. Be4 {[%emt 0:01:12]} Qd7 {[%emt 0:02:48]} 15. Nb3 {[%emt 0:06:00]} Rd8 {[%emt 0:23:17]} 16. Na5 {[%emt 0:14:43]} Nc6 {[%emt 0:06:33]} 17. Nc4 {[%emt 0:06:55]} Qe8 {[%emt 0:07:37]} 18. Bxd5 {[%emt 0:06:14]} Rxd5 {[%emt 0:00:22]} 19. Qc1 {[%emt 0:00:07]} Rad8 {[%emt 0:04:20]} 20. c3 {[%emt 0:05:54]} Ne5 {[%emt 0:25:07]} 21. Nxe5 {[%emt 0:02:30]} Rxe5 {[%emt 0:00:11]} 22. Re1 {[%emt 0:00:17]} Bc5 {[%emt 0:09:48]} 23. Bxc5 {[%emt 0:02:44]} Rxc5 {[%emt 0:00:46]} 24. Qf4 {[%emt 0:02:10]} bxc3 {[%emt 0:07:47]} 25. Nxc3 {[%emt 0:00:22]} Qc6 {[%emt 0:00:48]} 26. Rad1 {[%emt 0:02:10]} Rf8 {[%emt 0:00:22]} 27. Rd6 {[%emt 0:10:53]} Qc7 {[%emt 0:02:29]} 28. Red1 {[%emt 0:00:00]} Rf5 {[%emt 0:01:43]} 29. Qb4 {[%emt 0:01:21]} Rg5 {[%emt 0:03:30]} 30. Rd7 {[%emt 0:01:23]} Qe5 {[%emt 0:01:48]} 31. Qxb7 {[%emt 0:02:06]} Qe3+ {[%emt 0:00:21]} 32. Kh1 {[%emt 0:01:41]} Qf2 {[%emt 0:00:53]} 33. R7d2 {[%emt 0:00:33]} Qh4 {[%emt 0:00:11]} 34. Qe4 {[%emt 0:00:09]} Qh6 {[%emt 0:00:00]} 35. Rd8 {[%emt 0:01:55]} Rh5 {[%emt 0:00:21]} 36. Rxf8+ {[%emt 0:00:02]} Kxf8 {[%emt 0:00:05]} 37. Qb4+ {[%emt 0:00:21]} Ke8 {[%emt 0:00:23]} 38. Qb8+ {[%emt 0:00:05]} Ke7 {[%emt 0:00:05]} 39. Qd6+ {[%emt 0:00:04]} Kf6 {[%emt 0:00:19]} 40. Ne4+ {[%emt 0:00:44]} 1-0

[Event "White Rook U14 Final 2019"]
[Site "Sochi"]
[Date "2019.06.06"]
[Round "4.16"]
[White "Mkrtchian, Anait"]
[Black "Zeliantsova, Kseniya"]
[Result "0-1"]
[WhiteElo "1165"]
[BlackElo "1892"]
[Annotator "NA RC"]
[PlyCount "66"]
[EventDate "2019.06.02"]
[EventCountry "RUS"]
[SourceTitle "playchess.com"]
[Source "ChessBase"]
[SourceQuality "1"]
[TimeControl "5400+30"]

1. e4 {[%emt 0:00:00]} d6 {[%emt 0:00:00]} 2. d4 {[%emt 0:00:00]} Nf6 {[%emt 0:00:00]} 3. Nc3 {[%emt 0:00:00]} g6 {[%emt 0:00:00]} 4. Be3 {[%emt 0:00:00]} Bg7 {[%emt 0:00:00]} 5. Bd3 {[%emt 0:00:00]} O-O {[%emt 0:00:00]} 6. h3 {[%emt 0:02:00]} e5 {[%emt 0:02:00]} 7. dxe5 {[%emt 0:00:30]} dxe5 {[%emt 0:00:31]} 8. Qd2 {[%emt 0:00:04]} Qe7 {[%emt 0:00:06]} 9. Bh6 {[%emt 0:00:12]} Rd8 {[%emt 0:00:00]} 10. Bxg7 {[%emt 0:01:00]} Kxg7 {[%emt 0:00:11]} 11. f3 {[%emt 0:00:52]} c5 {[%emt 0:00:09]} 12. Qe3 {[%emt 0:01:28]} Be6 {[%emt 0:00:19]} 13. g4 {[%emt 0:01:13]} Nc6 {[%emt 0:02:01]} 14. a3 {[%emt 0:01:23]} Nd4 {[%emt 0:00:08]} 15. O-O-O {[%emt 0:03:08]} c4 {[%emt 0:03:10]} 16. Bf1 {[%emt 0:00:39]} b5 {[%emt 0:00:24]} 17. Nge2 {[%emt 0:01:23]} Qc5 {[%emt 0:00:08]} 18. Qg5 {[%emt 0:03:09]} Nxf3 {[%emt 0:02:15]} 19. Qxf6+ {[%emt 0:00:49]} Kxf6 {[%emt 0:00:28]} 20. Bg2 {[%emt 0:01:47]} Nd4 {[%emt 0:01:02]} 21. Nxd4 {[%emt 0:02:18]} Rxd4 {[%emt 0:02:41]} 22. Rxd4 {[%emt 0:00:23]} Qxd4 {[%emt 0:02:04]} 23. Nxb5 {[%emt 0:00:37]} Qe3+ {[%emt 0:00:31]} 24. Kb1 {[%emt 0:00:41]} Rb8 {[%emt 0:00:36]} 25. Rf1+ {[%emt 0:02:10]} Ke7 {[%emt 0:00:21]} 26. Nc7 {[%emt 0:04:20]} Qb6 {[%emt 0:03:01]} 27. Kc1 {[%emt 0:00:13]} Qxc7 {[%emt 0:00:19]} 28. c3 {[%emt 0:01:08]} Qb6 {[%emt 0:00:32]} 29. Kd1 {[%emt 0:00:32]} Qxb2 {[%emt 0:00:06]} 30. Ke1 {[%emt 0:00:41]} Qxg2 {[%emt 0:00:11]} 31. Rf2 {[%emt 0:00:13]} Rb1+ {[%emt 0:00:06]} 32. Ke2 {[%emt 0:01:38]} Qxe4+ {[%emt 0:00:34]} 33. Kd2 {[%emt 0:00:42]} Qd3# {[%emt 0:00:10]} 0-1

[Event "White Rook U14 Final 2019"]
[Site "Sochi"]
[Date "2019.06.06"]
[Round "4.17"]
[White "Gashev, Matvei"]
[Black "Kolev, Georgi"]
[Result "1-0"]
[WhiteElo "1968"]
[BlackElo "1736"]
[Annotator "NA RC"]
[PlyCount "79"]
[EventDate "2019.06.02"]
[EventCountry "RUS"]
[SourceTitle "playchess.com"]
[Source "ChessBase"]
[SourceQuality "1"]
[TimeControl "5400+30"]

1. c4 {[%emt 0:00:00]} e6 {[%emt 0:00:04]} 2. Nc3 {[%emt 0:00:00]} d5 {[%emt 0:00:15]} 3. cxd5 {[%emt 0:00:00]} exd5 {[%emt 0:00:12]} 4. d4 {[%emt 0:00:00]} Nf6 {[%emt 0:00:44]} 5. Nf3 {[%emt 0:00:00]} Be7 {[%emt 0:01:01]} 6. Bg5 {[%emt 0:00:05]} O-O {[%emt 0:00:47]} 7. Qc2 {[%emt 0:00:19]} c6 {[%emt 0:01:18]} 8. e3 {[%emt 0:00:16]} Ne4 {[%emt 0:05:46]} 9. Bxe7 {[%emt 0:00:40]} Qxe7 {[%emt 0:00:11]} 10. Nxe4 {[%emt 0:02:13]} dxe4 {[%emt 0:00:24]} 11. Nd2 {[%emt 0:00:04]} Bf5 {[%emt 0:03:56]} 12. Be2 {[%emt 0:01:08]} Re8 {[%emt 0:06:35]} 13. O-O-O {[%emt 0:01:03]} Nd7 {[%emt 0:00:59]} 14. h4 {[%emt 0:00:14]} Nf6 {[%emt 0:12:52]} 15. Nc4 {[%emt 0:02:39]} Ng4 {[%emt 0:00:56]} 16. Rdf1 {[%emt 0:01:22]} b5 {[%emt 0:00:47]} 17. Bxg4 {[%emt 0:01:09]} Bxg4 {[%emt 0:00:27]} 18. Ne5 {[%emt 0:00:00]} Bf5 {[%emt 0:01:00]} 19. g4 {[%emt 0:00:16]} Be6 {[%emt 0:00:14]} 20. Kb1 {[%emt 0:00:49]} Rac8 {[%emt 0:10:46]} 21. g5 {[%emt 0:02:49]} Bd5 {[%emt 0:07:28]} 22. Rhg1 {[%emt 0:02:24]} Qe6 {[%emt 0:03:07]} 23. a3 {[%emt 0:08:57]} c5 {[%emt 0:01:19]} 24. Qd1 {[%emt 0:00:51]} cxd4 {[%emt 0:04:09]} 25. exd4 {[%emt 0:00:05]} Bb3 {[%emt 0:00:25]} 26. Qe1 {[%emt 0:03:09]} Bc2+ {[%emt 0:07:45]} 27. Ka1 {[%emt 0:00:23]} b4 {[%emt 0:00:01]} 28. Qxb4 {[%emt 0:02:44]} a5 {[%emt 0:06:00]} 29. Qd2 {[%emt 0:02:17]} Red8 {[%emt 0:01:30]} 30. Qe3 {[%emt 0:01:21]} Rb8 {[%emt 0:01:15]} 31. Rc1 {[%emt 0:01:01]} Rdc8 {[%emt 0:05:38]} 32. Rg3 {[%emt 0:07:00]} Qb6 {[%emt 0:03:18]} 33. b3 {[%emt 0:00:38]} Bxb3 {[%emt 0:04:49]} 34. Rxc8+ {[%emt 0:01:03]} Rxc8 {[%emt 0:00:06]} 35. Qxb3 {[%emt 0:00:30]} Qxd4+ {[%emt 0:00:39]} 36. Qb2 {[%emt 0:00:03]} Qd1+ {[%emt 0:00:11]} 37. Ka2 {[%emt 0:00:52]} Rc2 {[%emt 0:00:00]} 38. Nc4 {[%emt 0:00:04]} Rxb2+ {[%emt 0:00:21]} 39. Nxb2 {[%emt 0:00:05]} g6 {[%emt 0:01:26]} 40. Nxd1 {[%emt 0:00:16]} 1-0